000 00497nam a22001697a 4500
003 BD-DhUIB
005 20260517183936.0
008 260517b |||||||| |||| 00| 0 eng d
040 _aBD-DhUIB
_cBD-DhUIB
082 _222
100 _aMurakami, Yasusuke.
_91115
245 _aAn anticlassical political economic analysis:
_ba vision for the next century/
_cby Yasusuke Murakami.
260 _aCalifornia.
_cc1996
300 _axxix, 476p. :
_billus. ;
_c22cm.
526 _aMBA
942 _2ddc
_cBK
999 _c701
_d701